Formation of the calcium H, K and Subordinates lines in the solar chromosphere (Record no. 3100)

MARC details
000 -LEADER
fixed length control field 00801nam a2200217Ia 4500
003 - CONTROL NUMBER IDENTIFIER
control field IN-BaIIA
008 - FIXED-LENGTH DATA ELEMENTS--GENERAL INFORMATION
fixed length control field 211028s9999 xx 000 0 eng d
040 ## - CATALOGING SOURCE
Transcribing agency IIA Library
080 ## - UNIVERSAL DECIMAL CLASSIFICATION NUMBER
Universal Decimal Classification number 523.945
Item number LIN
100 ## - MAIN ENTRY--PERSONAL NAME
Personal name Linsky, Jaffrey L
9 (RLIN) 5505
245 #0 - TITLE STATEMENT
Title Formation of the calcium H, K and Subordinates lines in the solar chromosphere
Remainder of title vol. 1
Statement of responsibility, etc. Jaffrey L. Linsky
260 ## - PUBLICATION, DISTRIBUTION, ETC.
Place of publication, distribution, etc. Cambridge
Name of publisher, distributor, etc. Smithsonian Institution Press
Date of publication, distribution, etc. 1968
300 ## - PHYSICAL DESCRIPTION
Extent [various pagings.]
490 ## - SERIES STATEMENT
Series statement Research in Space Science SAO Special Report; no. 274
650 ## - SUBJECT ADDED ENTRY--TOPICAL TERM
Topical term or geographic name entry element Astronomy and Astrophysics Thesaurus
650 ## - SUBJECT ADDED ENTRY--TOPICAL TERM
Topical term or geographic name entry element Calcium H and K Emission
9 (RLIN) 5506
650 ## - SUBJECT ADDED ENTRY--TOPICAL TERM
Topical term or geographic name entry element Calcium II Emission Lines
9 (RLIN) 5507
650 ## - SUBJECT ADDED ENTRY--TOPICAL TERM
Topical term or geographic name entry element Chromosphere
9 (RLIN) 5508
650 ## - SUBJECT ADDED ENTRY--TOPICAL TERM
Topical term or geographic name entry element Solar Chromosphere
9 (RLIN) 3973
942 ## - ADDED ENTRY ELEMENTS (KOHA)
Koha item type Books
Holdings
Withdrawn status Lost status Damaged status Not for loan Home library Current library Shelving location Date acquired Total Checkouts Full call number Barcode Date last seen Price effective from Koha item type Purchase Price
        IIA Library-Bangalore IIA Library-Kodaikanal General Stacks 21/09/1968   523.945/ LIN 3449 05/11/2021 21/09/1968 Books Free

Powered by Koha